| 000 | 01042cam a22003015a 4500 | ||
|---|---|---|---|
| 001 | 015491786 | ||
| 003 | OSt | ||
| 005 | 20201128023555.0 | ||
| 008 | 091106t2010 njua frb 001 0 eng d | ||
| 020 | _a9780138158088 (pbk.) | ||
| 020 | _a0138158088 (pbk.) | ||
| 040 |
_aStDuBDS _beng _cStDuBDS _dUk _dEG-ScBUE |
||
| 082 | 0 | 4 |
_a658.11 _222 _bBAR |
| 100 | 1 |
_aBarringer, Bruce R. _93115 |
|
| 245 | 1 | 0 |
_aEntrepreneurship : _bsuccessfully launching new ventures / _cBruce R. Barringer, R. Duane Ireland. |
| 250 | _a3rd ed., Global ed. | ||
| 260 |
_aUpper Saddle River : _bPearson, _cc.2010. |
||
| 300 |
_a608 p. : _bill. ; _c28 cm. |
||
| 490 | 0 | _aPrentice Hall entrepreneurship series | |
| 500 | _aPrevious ed.: Upper Saddle River, N.J. : Pearson/Prentice Hall, 2008. | ||
| 504 | _aIncludes bibliographical references and index. | ||
| 650 | 7 |
_aEntrepreneurship. _2BUEsh _9240 |
|
| 650 | 7 |
_aNew business enterprises. _2BUEsh _9239 |
|
| 651 | _2BUEsh | ||
| 653 |
_bBUSADM _cSeptember2015 |
||
| 700 | 1 |
_aIreland, R. Duane. _93119 |
|
| 942 | _2ddc | ||
| 999 |
_c20857 _d20829 |
||